LEADER 01127nam0 22002891i 450 001 UON00025667 005 20231205102038.792 100 $a20020107g13711992 |0itac50 ba 101 $aper 102 $aIR 105 $a|||| 1|||| 200 1 $aAtas bedun-e dud$fNader Ebrahimi 210 $aTehran$cRuzbehan$d1371 H. [1992] 215 $a2 v.; 21 c 300 $aPoss. v. 2. : Deraxt-e moqaddas 423 1$1001UON00354446$12001 $aDeraxt-e moqaddas 606 $aLETTERATURA PERSIANA$xPERIODO CONTEMPORANEO$xPROSA$3UONC000478$2FI 620 $aIR$dTihra?n$3UONL005570 686 $aIRA VI AEZ$cIRAN - LETTERATURA - PERSIANO - TESTI LETTERARI - PERIODO MODERNO E CONTEMPORA$2A 700 1$aEBRAHIMI$bNader$3UONV016766$0642855 712 $aRuzbehan$3UONV248039$4650 801 $aIT$bSOL$c20240220$gRICA 899 $aSIBA - SISTEMA BIBLIOTECARIO DI ATENEO$2UONSI 912 $aUON00025667 950 $aSIBA - SISTEMA BIBLIOTECARIO DI ATENEO$dSI IRA VI AEZ 358 N $eSI SA 84248 7 358 N 996 $aAtas bedun-e dud$91201195 997 $aUNIOR LEADER 01393oam 2200505zu 450 001 9911020118803321 005 20210807004721.0 010 $a1-118-73589-7 010 $a1-118-72971-4 035 $a(CKB)3460000000124169 035 $a(SSID)ssj0001039357 035 $a(PQKBManifestationID)12407664 035 $a(PQKBTitleCode)TC0001039357 035 $a(PQKBWorkID)10985154 035 $a(PQKB)10926191 035 $a(EXLCZ)993460000000124169 100 $a20160829d2014 uy 101 0 $aeng 181 $ctxt 182 $cc 183 $acr 200 04$aThe ecological genomics of fungi 210 31$a[Place of publication not identified]$cJohn Wiley & Sons Inc$d2014 300 $aBibliographic Level Mode of Issuance: Monograph 311 $a1-119-94610-7 606 $aFungi$xGenetics 606 $aGenomics 606 $aEcology 606 $aBotany$2HILCC 606 $aEarth & Environmental Sciences$2HILCC 606 $aFungi & Algae$2HILCC 615 0$aFungi$xGenetics. 615 0$aGenomics. 615 0$aEcology. 615 7$aBotany 615 7$aEarth & Environmental Sciences 615 7$aFungi & Algae 676 $a571.5/92 702 $aMartin$b Francis 702 $aMartin$b Francis 801 0$bPQKB 906 $aBOOK 912 $a9911020118803321 996 $aThe ecological genomics of fungi$94416901 997 $aUNINA